Talking too long to die & other Indian stories / (Record no. 160417)

MARC details
000 -LEADER
fixed length control field 00469nam a22001697a 4500
005 - DATE AND TIME OF LATEST TRANSACTION
control field 20190128174735.0
010 ## - LCCN (DPL NO)
LC control number B-061064
020 ## - INTERNATIONAL STANDARD BOOK NUMBER
International Standard Book Number 8175957581
Terms of availability 150.00
035 ## - SYSTEM CONTROL NUMBER
System control number B-061064
037 ## - SOURCE OF ACQUISITION
Source of stock number/acquisition Writers Workshop Publication
082 ## - DEWEY DECIMAL CLASSIFICATION NUMBER
Classification number S
100 ## - MAIN ENTRY--PERSONAL NAME
Personal name Sharma, Vera
245 ## - TITLE STATEMENT
Title Talking too long to die & other Indian stories /
Statement of responsibility, etc Vera Sharma
260 ## - PUBLICATION, DISTRIBUTION, ETC. (IMPRINT)
Place of publication, distribution, etc Calcutta
Name of publisher, distributor, etc Writers Workshop Publication
Date of publication, distribution, etc 2000
300 ## - PHYSICAL DESCRIPTION
Extent 93p.
Dimensions 22cm(hbk)
942 ## - ADDED ENTRY ELEMENTS (KOHA)
Source of classification or shelving scheme Dewey Decimal Classification
Item type English Books
Classification part S
Call number suffix SHA
Holdings
Withdrawn status Lost status Not for loan Collection code Home library Current library Date acquired Full call number Barcode Koha item type Public note
      Fiction Sarojini Nagar Sarojini Nagar 28/01/2019 S SHA B-061064 English Books Withdran List Prepared L.No.18/23

© Delhi Public Library
Hit Counter
free hit counter